| 000 | 00618cam a22002052 4500 | ||
|---|---|---|---|
| 001 | 0000019866 | ||
| 005 | 20151217145921.0 | ||
| 008 | 110301s xx 000 0 eng d | ||
| 020 | _a0137067925 : | ||
| 040 |
_aKABU _cKABU |
||
| 050 | 0 |
_aTK5105.59 _b.S63 |
|
| 100 | 1 |
_aStallings, William. _@0000148223 |
|
| 245 | 1 | 0 |
_aNetwork security esentials : _bapplications and standards. |
| 260 |
_aDelhi : _bPearson Educ., _c2011. |
||
| 300 | _a431 p. | ||
| 650 | 0 |
_aComputer networks _xSecurity measures. _@0000148224 |
|
| 852 | 1 | _9p2240 KES | |
| 908 | _a110301 | ||
| 950 | _@1 | ||
| 999 |
_c4034 _d4034 |
||